Bijay aponar/ (Record no. 11559)

MARC details
000 -LEADER
fixed length control field 00494nam a22001937a 4500
005 - DATE AND TIME OF LATEST TRANSACTION
control field 20230610132312.0
008 - FIXED-LENGTH DATA ELEMENTS--GENERAL INFORMATION
fixed length control field 230610b ||||| |||| 00| 0 eng d
020 ## - INTERNATIONAL STANDARD BOOK NUMBER
International Standard Book Number 9789382951926
040 ## - CATALOGING SOURCE
Original cataloging agency IN-DiNC
Transcribing agency IN-DiNC
041 ## - LANGUAGE CODE
Language code of sung or spoken text Assamese
082 ## - DEWEY DECIMAL CLASSIFICATION NUMBER
Classification number 808.80353
Item number KHE
100 ## - MAIN ENTRY--PERSONAL NAME
Personal name Khera, Shiv
Relator term Author
245 ## - TITLE STATEMENT
Title Bijay aponar/
Statement of responsibility, etc. by Shiv Khera
260 ## - PUBLICATION, DISTRIBUTION, ETC.
Place of publication, distribution, etc. New Delhi:
Name of publisher, distributor, etc. Bloomsbury,
Date of publication, distribution, etc. 2016.
300 ## - PHYSICAL DESCRIPTION
Extent 300p.
650 ## - SUBJECT ADDED ENTRY--TOPICAL TERM
Topical term or geographic name entry element You can win
650 ## - SUBJECT ADDED ENTRY--TOPICAL TERM
Topical term or geographic name entry element Success mantra or story
942 ## - ADDED ENTRY ELEMENTS (KOHA)
Source of classification or shelving scheme Dewey Decimal Classification
Koha item type Books
Holdings
Withdrawn status Lost status Source of classification or shelving scheme Damaged status Not for loan Collection code Home library Current library Shelving location Date acquired Cost, normal purchase price Full call number Barcode Date last seen Copy number Price effective from Koha item type
    Dewey Decimal Classification     General Collection Central Library, Naharkatiya College Central Library, Naharkatiya College General Stacks 10/06/2023 299.00 808.80353 KHE 26265 10/06/2023 1 10/06/2023 Books

Naharkatiya College © 2020. All rights reserved.

Powered By